00501nam a2200145Ia 4500008004100000082001800041100002500059245005100084260003000135300001000165650001900175942001200194952013400206999001500340150301s1988 xx 000 0 und d a617.692bA88S aSTRATION, RUSSELL. J aAN ATLAS OF REMOVANLE PRACTICAL DENTURE DESIGN bQUITESSENCE PUBaUKc1988 a1-335 aPROSTHODONTICS 2ddccBK 00102ddc4070aFDbFDd2015-07-02eABC-DELHIg3822.00iSGTUl0o617.692 A88SpFD7299r2015-07-02 00:00:00w2015-05-22yBKk5752 c6977d6977